Big 4 Sports Teams Formed Before 1960 Quiz Stats

 Plays Quiz Updated Jul 10, 2018

Challenge
Share
Tweet
Embed
Score 0/42 Timer 04:00
16 Plays Today
% Correct
New York Yankees
94.7%
Cincinnati Reds
94.3%
Boston Red Sox
93.1%
New York Giants
91.3%
San Francisco Giants
91.1%
Boston Celtics
86.9%
Los Angeles Lakers
86.7%
Chicago White Sox
85.9%
Chicago Cubs
83.8%
Green Bay Packers
83.3%
Chicago Bears
82.5%
New York Rangers
82.4%
Los Angeles Dodgers
81.8%
Boston Bruins
80.2%
Detroit Red Wings
78.8%
Montreal Canadiens
78.3%
St. Louis Cardinals
78.2%
Arizona Cardinals
78.1%
Toronto Maple Leafs
77.4%
Cleveland Browns
75.4%
Chicago Blackhawks
75.2%
% Correct
New York Knicks
74.8%
Atlanta Braves
70.7%
Detroit Lions
69.5%
Pittsburgh Steelers
69.4%
Philadelphia Phillies
68.7%
Pittsburgh Pirates
68.1%
Philadelphia Eagles
67%
Oakland Athletics
65.9%
Detroit Tigers
65.5%
Indianapolis Colts
64.1%
Cleveland Indians
63%
Philadelphia 76ers
62.7%
Washington Redskins
60.2%
Baltimore Orioles
59.6%
Los Angeles Rams
57.9%
Detroit Pistons
52.3%
San Francisco 49ers
51.3%
Minnesota Twins
50.6%
Atlanta Hawks
41.8%
Golden State Warriors
40.4%
Sacramento Kings
36.3%

You're not logged in!

Compare scores with friends on all Sporcle quizzes.
OR
Log In

You Might Also Like...

Show Comments

Extras

Top Quizzes Today


Score Distribution

Your Account Isn't Verified!

In order to create a playlist on Sporcle, you need to verify the email address you used during registration. Go to your Sporcle Settings to finish the process.

Report this User

Report this user for behavior that violates our Community Guidelines.

Details: